000 00696nam a2200241 a 4500
001 000016409
005 20200929164419.0
008 100304s1946 sp r 000 d spa d
040 _aDO-SdBNP
_bspa
_cBNPHU
082 _a862.3
_bV422c
100 1 _aVega, Lope de,
_d1562-1635
_93084
245 1 0 _aComedias /
_cLope de Vega.
260 _aMadrid :
_bEspasa-Calpe,
_c1946.
300 _av. ;
_c18 cm.
490 1 _aClásicos castellanos
_v39
500 _aIncluye notas al pie de las páginas.
650 4 _aTeatro español
_93071
650 4 _aComedia española
_93085
650 4 _aLiteratura española
_9632
830 0 _aClásicos castellanos;
_v93
_94180
910 _aWM
049 _aBNGR
999 _c15944
_d15944